[Event "Corus"]
[Site "Wijk aan Zee"]
[Date "2008.01.25"]
[Round "11"]
[White "Polgar, Judit"]
[Black "Eljanov, Pavel"]
[Result "0-1"]
[WhiteElo "2707"]
[BlackElo "2692"]
[Annotator "Marin,M"]
[PlyCount "86"]
[EventDate "2008.01.12"]
[EventType "tourn"]
[EventRounds "13"]
[EventCountry "NED"]
[EventCategory "20"]
[SourceTitle "CBM 122"]
[Source "ChessBase"]
[SourceDate "2008.01.30"]
[SourceVersion "1"]
[SourceVersionDate "2008.01.30"]
[SourceQuality "1"]

1. e4 e5 2. Nf3 Nc6 3. Bb5 Nf6 4. d3 Bc5 5. O-O {I examined this Anti-Berlin
variation in my Opening Database from CBM 120.} d6 {In the article, I
recommended Black to delay this move for a while, in order to be able to react
with ...d5 under certain cricumstances. However, the game move was not
considered unplayable either.} 6. c3 O-O 7. Bg5 h6 8. Bh4 g5 9. Bg3 ({I
considered} 9. Nxg5 {to be the critical line, as in Akopian,V (2704)-Georgiev,
K (2645)/Moscow 2006/CBM 112/[Marin; Postny,E] (0-1, 38)}) 9... Nh5 $146 {
Strangely enough, this natural move, aiming to obtain the advantage of the
pair of bishops and increase the sphere of activity of Black's own
dark-squared bishop is a novelty.} ({In a game played after my article was
published} 9... Bg4 {was played.} 10. Nbd2 Qe7 11. Re1 Nd8 12. d4 exd4 13. e5
$1 dxe5 14. cxd4 Bxd4 15. Qc2 Bxf3 16. Nxf3 Ne6 17. Nxe5 $44 Nh5 ({Maybe he
should have continued developing with} 17... Rad8) 18. Ng6 $1 $14 {1-0 Akopian,
V (2713)-Gyimesi,Z (2610)/Crete 2007/CBM 121 (29). One small remark: if
Akopian did not repeat the experiment of sacrificing on g5, something might be
wrong with it.}) 10. d4 Bb6 11. dxe5 (11. Bxc6 bxc6 12. dxe5 Nxg3 13. hxg3 g4
14. Nh4 dxe5 {leads to similar consequences as in the game. The strong
b6-bishop and the possible plan of advancing the g- and h-pawns compensate for
the pawn weaknesses.}) 11... Nxg3 12. hxg3 Nxe5 13. Nxe5 dxe5 14. Nd2 ({
If White exchanges queens with} 14. Qxd8 Rxd8 {in order to avoid the attacking
plan, the development of the queenside would suddenly become difficult to
achieve, because the d2-square is not protected.}) 14... Qf6 15. Qe2 ({
Unfortunately, White cannot maintain the control of the d1-h5 diagonal with} 
15. Be2 Rd8 16. Bh5 $2 {because of} g4 $1 17. Bxg4 Qg5 $19 {[%csl Gd2,Gg4]})
15... c6 16. Bc4 {This square would be useful for the knight's transfer to e3.}
(16. Ba4 $5 Kg7 17. Nc4 {[%csl Gb6,Gf5][%cal Gc4e3,Gc4b6] and White should not
be worse.}) 16... Kg7 17. Bb3 (17. g4 $2 {[%cal Gg2g3,Gg1g2]} Qf4 $1 $19 {
[%csl Gg4]}) 17... h5 $36 {Black's attacking plan is hard to counter now.} 18.
Nc4 (18. Qxh5 $2 Rh8 19. Qf3 {[%csl Gf7]} Qg6 {[%cal Gg5g4,Gg6h5]} 20. g4 Rh4
$19 {[%csl Gg4]}) 18... Bg4 19. Qe1 Bc5 $1 {Black should keep this bishop on
the active diagonal, no matter how many tempi he will lose in achieving this
aim.} 20. Ne3 Rh8 21. Bd1 Be6 22. Bb3 Bg4 23. Bd1 Rh7 $1 {It appears that the
bishop is taboo, because White cannot afford to open the h-file.} 24. b4 (24.
Bxg4 hxg4 25. Nxg4 Rah8 $19) (24. Nxg4 hxg4 25. Bxg4 Rah8 26. Bh3 Rxh3 27. gxh3
Qf3 28. Kh2 g4 29. h4 Rxh4+ 30. gxh4 Qh3+ 31. Kg1 g3 $19) 24... Bb6 25. a4 a6
26. a5 Ba7 27. Ra2 Rah8 28. Rd2 Bc8 {Both sides have completed their
regroupment, but White's king's position remains dangerous.} 29. Nf5+ {The
only way to reduce Black's attacking potential.} Bxf5 30. exf5 g4 31. Qe4 {
It is hard to criticize this move, because the only possibility of staying
alive was far from obvious.} ({The king should have been evacuated from the
dangerous diagonal with} 31. Kh2 $1 {, when} h4 {does not yet have deadly
effects, for instance} 32. Bxg4 hxg3+ 33. Kxg3 {and, for once, the presence of
opposite coloured bishops favours the defending side, because the a7-bishop
has lost its main target already.}) 31... h4 $19 {Now, Black is just winning.}
32. Bxg4 hxg3 33. Bh3 Rh4 34. Qd3 Qg5 35. f6+ Kxf6 36. Rfd1 Bxf2+ 37. Rxf2+
gxf2+ 38. Kxf2 Kg7 39. Qe3 Rf4+ 40. Ke2 Rhh4 41. Qd3 Re4+ 42. Kf2 Qf4+ 43. Kg1
Re3 0-1

[Event "Baku FIDE GP"]
[Site "Baku"]
[Date "2014.10.12"]
[Round "9"]
[White "Nakamura, Hikaru"]
[Black "Kasimdzhanov, Rustam"]
[Result "1-0"]
[WhiteElo "2764"]
[BlackElo "2706"]
[Annotator "Marin,M"]
[PlyCount "47"]
[EventDate "2014.10.02"]
[EventType "tourn"]
[EventRounds "11"]
[EventCountry "AZE"]
[EventCategory "21"]
[SourceTitle "CBM 163"]
[Source "ChessBase"]
[SourceDate "2014.11.11"]
[SourceVersion "1"]
[SourceVersionDate "2014.11.11"]
[SourceQuality "1"]

1. e4 e5 2. Nf3 Nc6 3. Bb5 Nf6 4. d3 Bc5 5. Bxc6 dxc6 6. h3 {Quite a popular
version of the Anti-Berlin system.} Nd7 (6... Be6 7. Qe2 (7. Nc3 {Anand,V 
(2773)-Nakamura,H (2789) Zuerich 2014 CBM 159 [Szabo,Kr] (0-1, 36)}) 7... Nd7
8. Be3 Qe7 (8... f6 {Nakamura,H (2772)-Fressinet,L (2708) Elancourt 2013 CBM
157 [ChessBase Website] (1/2-1/2, 31)}) 9. Bxc5 Qxc5 10. Nc3 {Morozevich,A 
(2748)-Caruana,F (2786) Tashkent 2012 CBM 152 [Postny,E] (1-0, 51)}) 7. Be3 Bd6
8. Nbd2 (8. Nc3 c5 9. O-O Nf8 10. Nd2 Ng6 {Carlsen,M (2872)-Caruana,F (2782)
Zuerich 2014 CBM 159 [Stohl,I] (1-0, 47)}) 8... O-O {The whole variation is
highly transpositional, but in principle it seems that Black does best not
hurrying with ...c6-c5.} (8... c5 9. Nc4 O-O 10. O-O Re8 ({The over-ambitious} 
10... b5 {leaves some weaknesses behind:} 11. Ncd2 Nb8 12. a4 b4 13. Nb3 {
White's regrouping starting with this move is quite instructive.} Qe7 14. Na5
Bd7 15. Nd2 Nc6 16. Nxc6 Bxc6 17. Qe2 Rae8 18. f3 Bd7 19. Rfc1 Be6 20. c3 $36 {
Morozevich,A (2678)-Kramnik,V (2807) Monte Carlo 2003 (1-0, 65)}) 11. Nfd2 (11.
a3 $5 {[%cal Gd1d2,Gb2b4] would be an interesting way of taking advantage of
the early ...c6-c5. In our main game, White played a2-a3 only after having
weakened his d3-pawn with c2-c3, which induces certain limitations of
flexibility.}) 11... Nf8 12. Nxd6 cxd6 13. f4 exf4 14. Bxf4 Ng6 15. Bg3 Be6 16.
Kh2 d5 17. Qh5 f6 $11 18. Rae1 Bf7 19. Qf5 Be6 20. Qh5 Bf7 21. Qf5 Be6 {
1/2-1/2 Hamdouchi,H (2600)-Bacrot,E (2720) Belfort 2010}) 9. O-O Re8 10. c3 (
10. Nc4 Nf8 11. d4 $6 exd4 12. Qxd4 c5 13. Qd3 b6 {[%csl Rb7,Rd6,Ge4][%cal
Gc8b7] It is already White who has to think of a way of equalising.} 14. Nxd6
Qxd6 15. Qxd6 cxd6 16. Rfd1 Bb7 17. Rxd6 Bxe4 $11 {Anand,V (2773)-Carlsen,M 
(2872) Zuerich 2014 (1/2-1/2, 40)}) 10... c5 {In view of the threat d3-d4,
this move is a logical reaction.} (10... Nf8 11. d4 {offers White some
initiative in the centre.} Ng6 12. Qc2 exd4 13. cxd4 Bf4 14. Rfe1 Qf6 15. Nf1
Be6 16. Ng3 Bxe3 (16... Bxg3 $2 17. Bg5 $1 $18 {[%csl Gf6]}) 17. Rxe3 Nf4 18.
a3 a5 19. Qd2 Qh6 20. Rc1 Bd7 21. Rc2 Qd6 22. Ne5 $14 {Inarkiev,E (2671)
-Aronian,L (2783) Mainz 2010 (1/2-1/2, 45)}) 11. a3 $5 $146 (11. d4 {does not
seem to offer White too much:} cxd4 12. cxd4 exd4 13. Nxd4 Nf6 14. Qc2 b6 $11
15. Nc6 $6 Qd7 16. b4 Ba6 $1 $17 17. e5 (17. Rfc1 Bd3 $1 {[%cal Gc2d3,Gd6h2]}
18. Qb3 Bb5 19. Nd4 Nxe4 $17) 17... Bxf1 18. Rxf1 Bxe5 $19 {Rozentalis,E (2616)
-Smith,A (2460) Koge 2013 (0-1, 40)}) 11... a5 (11... Nf8 12. b4 Ne6 13. Nc4
$36) 12. Re1 ({I would think of switching back to the blockade plan starting
with} 12. a4 $5 {[%cal Gd2c4,Gf3d2]}) 12... Nf8 ({And with Black I would
hardly be able to resist playing} 12... a4 $5 {[%csl Gb3]}) 13. d4 {I would
think that this thematic advance would have required a bit more preparation.
White had other things to do, namely completing his development.} (13. Qc2 $5 {
[%cal Ga1d1] It is worth mentioning that} Ne6 {does not prevent d3-d4 in the
long run anyway} 14. Nc4 f6 15. Rad1 $14 {[%cal Gd3d4]}) 13... cxd4 14. cxd4
exd4 15. Nxd4 Be5 {With this move Black practically commits himself to
exchanging his bishop.} ({If he wanted to keep it and provide the c7-pawn with
an adequate defender,} 15... Bc5 16. N2b3 Bb6 {would be a good alternative. If}
17. Qc2 {he would have the f6-square for his queen:} Qf6 18. Nc5 Ng6 $132) 16.
N2f3 Bxd4 ({If} 16... Bf6 17. Qc2 {[%csl Rd8][%cal Ga1d1] The black queen
would feel a bit uncomfortable since ...Qf6 would not be available anymore.})
17. Bxd4 b6 {And yet, this position looks about equal. White is slightly
better developed and can exert some pressure on c5, but the opposite bishops
in the absence of attacking chances give the game a drawish tendency.} 18. Be5
Qxd1 $6 {This looks like a small concession.} (18... Ne6 {is safer,}) 19. Rexd1
Ra7 (19... Ne6 20. Nd4 Bb7 21. f3 $14 {Would sooner or later force the
weakening of Black's queenside structure anyway.}) 20. Rac1 c5 21. Rd6 Rb7 22.
Bg3 $14 {White has achieved a bit of something. The b6-pawn is weak (and with
it, the whole queenside chain) and the white pieces are more active. But there
was no need for Black to commit suicide as soon as on the next move.} Rxe4 $4 (
22... Be6 $14 {[%cal Gf7f6]}) 23. Rd8 {[%csl Rf8][%cal Gg3d6]} Bd7 24. Re1 $1 (
24. Re1 Rxe1+ 25. Nxe1 {[%csl Rf8][%cal Gg3d6]}) 1-0

[Event "London Classic 3rd"]
[Site "London"]
[Date "2011.12.11"]
[Round "8"]
[White "McShane, Luke J"]
[Black "Kramnik, Vladimir"]
[Result "0-1"]
[WhiteElo "2671"]
[BlackElo "2800"]
[Annotator "Marin,M"]
[PlyCount "138"]
[EventDate "2011.12.03"]
[EventType "tourn"]
[EventRounds "9"]
[EventCountry "ENG"]
[EventCategory "20"]
[SourceTitle "CBM 146"]
[Source "ChessBase"]
[SourceDate "2012.01.18"]
[SourceVersion "1"]
[SourceVersionDate "2012.01.18"]
[SourceQuality "1"]

{[%mdl 2]} 1. e4 e5 2. Nf3 Nc6 3. Bb5 Nf6 4. d3 Bc5 5. Bxc6 $5 dxc6 {This
structure is traditionally seen in the variations with the bishop on e7, after,
for instance, 3...a6 4.Ba4 Nf6 5.0-0 Be7 6.Bxc6 dxc6. The extra move ...a6
does not have any relevance, but what about the dark-squared bishop? In the
long run, its place is surely not on c5, because it blocks the c-pawn, which
is supposed to increase Black's contol over d4 with ...c5. However, in the
short term, the bishop may be useful, by inhibiting d3-d4 until the knight
gets to e6. After that, the bishop may retreat to finally allow ...c5.} 6. b3
$5 {A rare continuation, which had been tried by McShane before. Usually, the
bishop goes to d2.} (6. Nbd2 Nd7 (6... Bg4 {may be playable, but in the
folowing game Black somehow did not get his knight even close to e6:} 7. h3
Bxf3 8. Qxf3 Nd7 9. Nc4 Qe7 10. Bd2 Nb6 11. Ne3 Bxe3 12. Qxe3 c5 13. O-O Nd7
14. f4 $14 {Zvjaginsev,V (2666)-Stojanovic,D (2466)/Rogaska Slatina 2011/CBM
145 (1-0, 42)}) 7. O-O O-O 8. Nc4 Re8 9. Be3 Bxe3 (9... Bf8 $5 {[%cal Gf7f6,
Gd7c5,Gc5e6]}) 10. fxe3 a5 11. a4 b6 12. Qe1 Ba6 13. Ncd2 Re6 14. Nh4 g6 15.
Qg3 Qf8 16. Rf2 $14 {Zvjaginsev,V (2664)-Petrosian,T (2613)/Plovdiv 2010/CBM
139 (1/2, 58)}) (6. Be3 {Erenburg,S (2582)-Almasi,Z (2640)/Germany 2005/CBM
110/[Erenburg] (1/2, 37)}) (6. Bg5 {Hossain,E (2514)-Eljanov,P (2681)/
Khanty-Mansiysk 2007/CBM 122/[Grivas] (1-0, 61)}) (6. O-O {looks flexible, but
offers Black an important tempo:} Qe7 $1 {Black defends e5, preparing ...Bg4,
when h2-h3 will be met with ...Bh5 already.} (6... Bg4 7. h3 Bxf3 8. Qxf3 Nd7
9. Nd2 Qe7 10. Nc4 f6 11. Bd2 b6 12. a3 O-O 13. b4 Bd6 14. Ne3 $14 {Sutovsky,E
(2665)-Fressinet,L (2718)/Khanty Mansiysk 2010/CBM 139 (1/2, 48)}) 7. Nbd2 Bg4
8. Nc4 (8. Re1 Nd7 9. h3 Bh5 10. Nf1 O-O 11. g4 Bg6 12. Ng3 f6 13. h4 Qe6 14.
h5 Qxg4 $5 15. d4 Bxh5 16. dxc5 Nxc5 $44 {Petrosian,T (2602)-Feller,S (2570)/
Novi Sad 2009/CBM 133 (1/2, 62)}) 8... Nd7 9. Be3 (9. h3 Bh5 10. Be3 f6 11. Qe2
Nf8 12. Bxc5 Qxc5 13. b4 Qe7 14. Qe3 Ne6 15. Rab1 O-O 16. Kh2 b5 17. Na5 Bxf3
18. Qxf3 c5 $132 {Ghinda,M (2450)-Ninov,K (2465)/Stara Zagora 1990/CBM 017 (1/
2, 42)}) 9... Bd6 10. h3 Bh5 11. a4 f6 12. c3 b6 13. Re1 O-O 14. Bc1 Rfd8 15.
Ne3 Qf7 16. Nf5 Bf8 $13 {[%cal Gd7c5,Gc5e6] Van der Wiel,J (2560)-Salov,V 
(2630)/Rotterdam 1989/CBM 013 (0-1, 59)}) 6... Bg4 $5 $146 (6... Qe7 {is less
effective than in the line above:} 7. Bb2 Nd7 {Leaving the bishop passive on
c8.} (7... Bg4 8. h3 $14) 8. Nc3 O-O 9. Ne2 Ba3 10. Bxa3 Qxa3 11. O-O Qe7 12.
Ng3 Nc5 (12... f6 13. Nf5 $36) 13. b4 Na6 14. c3 c5 15. a3 $14 {McShane,L 
(2645)-Parker,J (2531)/Hinkley Island 2011/ 860 (1-0, 60)}) (6... Nd7 7. Bb2 f6
8. Nbd2 Nf8 9. Nh4 Qd7 10. Qh5+ Qf7 11. Qxf7+ Kxf7 12. O-O Ne6 $13 {Khazankin,
M (2091)-Nechaev,A (2407)/Alushta 2011/CBM 142 Extra (0-1, 59)}) 7. Nbd2 Nd7 8.
Bb2 f6 9. Nf1 Nf8 10. h3 Bxf3 {By exchanging the f3-knight, Kramnik reduces
White's possibilities of activating the b2-bishop with either f4 or d4.} (10...
Bh5 11. Ng3 Bf7 12. d4 $5 exd4 13. Bxd4) 11. Qxf3 Ne6 12. Ne3 Qd7 13. h4 a5 14.
a4 {After the insertion of the last two moves, White's castling long is not
too probable, so that Black can castle short.} O-O 15. h5 {[%cal Ge3f5]} (15.
Nf5 {would not achieve much:} g6 16. Nh6+ Kg7 17. h5 Ng5 (17... Kxh6 $2 18.
hxg6+) 18. Qg4 (18. Qe2 Kxh6 $1 19. hxg6+ Kg7 {[%csl Gh7]}) 18... Qxg4 19. Nxg4
Ne6 $5 $11 {[%cal Gc5d4,Gf6f5] After the exchange of queens, Black's position
is quite safe.}) 15... Bxe3 $1 {Eliminating the dangerous knight just in time.}
16. Qxe3 (16. fxe3 {would leave White with problems attacking the g5-square in
favourable terms.} h6 17. O-O c5 18. Qg4 Rad8 19. Bc3 b6 20. Be1 Ng5 21. Rf5
Nf7 22. Qg6 Nd6 23. Rf3 Qf7 24. Qg4 Qd7 $11) 16... c5 ({I would consider
placing all the pawns on dark squares.} 16... h6 17. g3 c5 18. f4 Nd4 19. Rh2
Rfe8 $5 {/\...f5, /\...c6, ...b5}) 17. Qh3 Qc6 {I am not sure what the idea is
behind this move. Maybe he considered playing ...c4, at a moment when e4 and
a4 would not be over-defended? But the e6-knight is still hanging, so ...Rae8
would be necessary first.} (17... Qe8 $5) (17... Rad8 $5) 18. O-O Nf4 19. Qh2
Qe8 {Quite provocative. Instead of blocking the h-pawn, Kramnik actually
forces it to advance. In principle, this increases the force of the b2-bishop,
but maybe he wanted to provoke his opponent into becoming over-optimistic?!}
20. h6 g5 21. g3 Ne6 22. f4 $5 {The exchange sacrifice implied by this move is
correct, but does not offer an advantage.} ({Maybe he should have prepared the
attack with} 22. Qh3 $5 {[%cal Gg1h2,Gh3f5,Gf2f4]}) 22... gxf4 23. gxf4 Nxf4
24. Rxf4 exf4 25. Kf2 Rf7 26. Qh5 (26. Qxf4 Qe6 27. Rg1+ Kf8 28. Ke2 $44 {
[%cal Ge2d2]}) 26... Qe6 27. Qxc5 Kh8 28. Qc4 $5 (28. Rg1 Rg8 (28... b6 29. Qg5
$14 {/\Rg4}) 29. Rxg8+ Kxg8 30. Qxa5 $44) 28... Re8 {Kramnik wants to maintain
the possibility of attacking the c2-pawn with ...Rc6.} (28... Qxc4 29. bxc4 {
keeps the c-file well defended.}) 29. Rh1 Qd7 30. Qb5 Re6 (30... Qxb5 31. axb5
{[%csl Gc6]}) 31. Qxd7 Rxd7 32. Rg1 Rc6 {Finally reaching the desired
regrouping, but Black is not better yet.} 33. Kf3 Rd8 34. Rg5 Rf8 35. Rg2 $6 {
Too passive.} (35. Rd5 $5 Rxc2 (35... Kg8 36. Ba3 Re8 37. Rd7 Rxc2 38. Rg7+ Kh8
39. Be7 Rc6 40. Rf7 Kg8 {White can repeat moves already, or keep playing with}
41. Kxf4 $5 $44) 36. Bxf6+ Kg8 37. Be7 Re8 38. Rg5+ Kf7 39. Rg7+ Ke6 40. Bg5
Rc3 41. Rxh7 Rxd3+ 42. Kxf4 Rxb3 43. Rxc7 $13) 35... Rg8 $1 36. Rh2 Rg1 $36 37.
d4 Rf1+ 38. Kg4 f3 39. d5 Rd6 40. c4 Kg8 41. c5 f5+ 42. Kxf5 Rg6 43. Bd4 Rd1
44. Be3 Rg2 45. Rh3 f2 46. Bxf2 Rxf2+ 47. Ke6 {Black's material advantage is
decisive, but there are technical difficulties along the way. The white king
is very active and the connected pawns could become dangerous.} Rf7 48. d6 c6
$1 (48... cxd6 49. cxd6 {[%cal Gh3c3,Gc3c8] /\Rc2}) 49. Ke5 Kf8 50. Rh2 Rg1 51.
b4 axb4 52. Rb2 Rg5+ 53. Ke6 Rg6+ 54. Ke5 Rxh6 55. a5 Rh5+ 56. Ke6 Rh6+ 57. Ke5
Rh5+ 58. Ke6 Ke8 59. a6 Rh6+ 60. Ke5 bxa6 61. Rxb4 Ra7 62. Rb8+ Kf7 63. Rc8
Re6+ 64. Kf5 a5 65. Rh8 Rf6+ 66. Ke5 Kg7 67. Rc8 a4 68. Rxc6 a3 69. d7 a2 0-1